000 00639nam a22001817a 4500
005 20251108165023.0
008 250721s1993 xx 000 0 ara d
082 1 4 _a659.1/هنا
100 1 _aسعيد، هناء عبد الحليم
245 1 0 _aالإعلان و الترويج /
264 1 _aالقاهرة :
_bجامعة القاهرة - التعليم المفتوح،
_c1993.
300 _a291ص
490 0 _aدراسات بكالوريس التجارة في المعاملات المالية والتجارية
650 1 7 _aالإعلان التجاري
650 1 7 _aالدعاية
942 _2ddc
_cBK
999 _c20080
_d20080